000 00328 a2200109 4500
001 ART_18014
005 20260410161656.0
008 260409a
245 1 0 _aIntereses y multas en los anticipos impositivos
100 1 _aFolco, Carlos Maria
773 0 _tPráctica profesional
_g- Nº 126 (sep. 2010)
_wREV542
999 _c14739
_d14739